Вып. 17; Математические методы и физико-механические поля

Podrobná bibliografie
Parent link:Математические методы и физико-механические поля: республиканский межведомственный сборник научных трудов/ Академия наук Украинской ССР, Институт прикладных проблем механики и математики ; отв. ред. Я. С. Подстригач. Вып. 17.— , 1975-1991
Jazyk:ruština
Vydáno: 1983
Témata:
Médium: MixedMaterials Kniha
KOHA link:https://koha.lib.tpu.ru/cgi-bin/koha/opac-detail.pl?biblionumber=305111

MARC

LEADER 00000nam2a2200000 4500
001 305111
005 20231102001753.0
035 |a (RuTPU)RU\TPU\book\330377 
090 |a 305111 
100 |a 20150924d1983 km y0rusy50 ca 
101 0 |a rus 
102 |a UA 
105 |a a z 001zy 
200 0 |a Вып. 17 
210 |d 1983 
215 |a 104 с.  |c ил. 
320 |a Библиогр. в конце ст. 
461 1 |0 (RuTPU)RU\TPU\book\163273  |t Математические методы и физико-механические поля  |o республиканский межведомственный сборник научных трудов  |f Академия наук Украинской ССР, Институт прикладных проблем механики и математики ; отв. ред. Я. С. Подстригач  |v Вып. 17  |d 1975-1991 
606 1 |a Физика теоретическая  |2 stltpush  |3 (RuTPU)RU\TPU\subj\63728  |9 80703 
606 1 |a Математическая физика  |2 stltpush  |3 (RuTPU)RU\TPU\subj\41221  |9 61028 
610 1 |a математические методы 
610 1 |a физические поля 
610 1 |a механические поля 
610 1 |a дифференциальные уравнения 
610 1 |a решения 
610 1 |a частные производные 
610 1 |a неклассические задачи 
610 1 |a твердые тела 
610 1 |a деформации 
610 1 |a температурные поля 
610 1 |a электромагнитные поля 
610 1 |a механика 
610 1 |a задачи 
610 1 |a оптимизационные методы 
675 |a 530.1  |v 4 
675 |a 53:51  |v 4 
801 1 |a RU  |b 63413507  |c 20150924 
801 2 |a RU  |b 63413507  |c 20190506  |g RCR 
942 |c BK